Medal of Honor Frontline Level Names Quiz Stats

 Plays Quiz not verified by Sporcle

Score 0/19 Timer 10:00
0 Plays Today
Level Number Level Name % Correct
D-Day-1Your Finest Hour
70.3%
D-Day-2Into the Breach
70.3%
Needle in a Haystack-2The Golden Lion
50%
Several Bridges Too Far-3Arnhem Knights
46.9%
Rolling Thunder-3Derailed
45.3%
A Storm in the Port-2Special Cargo
43.8%
A Storm in the Port-3Eye of the Storm
42.2%
Needle in a Haystack-1Rough Landing
42.2%
Several Bridges Too Far-2Yard by Yard
40.6%
A Storm in the Port-4A Chance Meeting
39.1%
Level Number Level Name % Correct
A Storm in the Port-1Seaside Stowaway
37.5%
Needle in a Haystack-3Operation Rapunzel
37.5%
The Hornet's Nest-4Stealing the Show
35.9%
The Hornet's Nest-3Under the Radar
34.4%
The Hornet's Nest-1Clipping Their Wings
32.8%
Rolling Thunder-2Riding Out the Storm
31.3%
Rolling Thunder-1On Track
29.7%
The Hornet's Nest-2Enemy Mine
29.7%
Several Bridges Too Far-1Nijimegan Bridge
12.5%

You're not logged in!

Compare scores with friends on all Sporcle quizzes.
Join for Free
OR
Log In

You Might Also Like...

Show Comments

Extras

Top Quizzes Today


Score Distribution

Your Account Isn't Verified!

In order to create a playlist on Sporcle, you need to verify the email address you used during registration. Go to your Sporcle Settings to finish the process.

Report this User

Report this user for behavior that violates our Community Guidelines.

Details: